[Event "EYb18"]
[Site "Budva YUG"]
[Date "2003.09.19"]
[Round "6"]
[White "Barnaure,V"]
[Black "Kharitonov,Alexa"]
[Result "0-1"]
[WhiteElo "2317"]
[BlackElo "2437"]

1.c4 c6 2.Nf3 d5 3.d4 Nf6 4.cxd5 cxd5 5.Nc3 Nc6 6.Bf4 a6 7.e3 Bg4 8.Bd3 e6
9.h3 Bh5 10.O-O Bd6 11.Bxd6 Qxd6 12.Rc1 O-O 13.g4 Bg6 14.Kg2 b5 15.Bxg6 hxg6
16.g5 Nd7 17.Ne2 Rac8 18.Nf4 Ne7 19.Qe2 f6 20.Nd3 e5 21.dxe5 fxe5 22.e4 Rc4
23.Nd2 Rd4 24.f3 dxe4 25.Nxe4 Qd5 26.Nc3 Qe6 27.Ne1 b4 28.Ne4 Nd5 29.Kg3 Nf4
30.Qh2 Qf5  0-1

[Event "GRE-GEO Match m"]
[Site "Athens GRE"]
[Date "2003.09.20"]
[Round "3"]
[White "Izoria,Z"]
[Black "Mastrovasilis,D"]
[Result "1/2-1/2"]
[WhiteElo "2541"]
[BlackElo "2493"]

1.c4 c6 2.e4 d5 3.exd5 cxd5 4.d4 Nf6 5.Nc3 Nc6 6.Bg5 Be6 7.a3 Qd7 8.Bxf6 gxf6
9.c5 O-O-O 10.Bb5 Bg4 11.f3 Bf5 12.Nge2 e5 13.O-O Bh6 14.Kh1 Rhg8 15.Qa4  1/2-1/2

[Event "Saipa Cup"]
[Site "Tehran IRI"]
[Date "2003.09.20"]
[Round "8"]
[White "Ghaem Maghami,E"]
[Black "Minasian,Ara"]
[Result "1/2-1/2"]
[WhiteElo "2544"]
[BlackElo "2473"]

1.c4 c6 2.e4 e5 3.Nf3 d6 4.d4 Bg4 5.d5 Nf6 6.Nc3 Na6 7.Be2 Nc5 8.Qc2 cxd5
9.cxd5 Rc8 10.h3 Bd7 11.Qb1 a5 12.Nd2 Be7 13.O-O O-O 14.Nb3 Na4 15.Nxa4 Bxa4
16.Bd2 b6 17.Qd3 Nd7 18.Rac1 Rxc1 19.Rxc1 Bg5 20.Bxg5 Qxg5 21.Nd2 Nc5 22.Qe3 Qxe3
23.fxe3 Bd7 24.b3 b5 25.a3 Rb8 26.Ra1 Rc8 27.Rc1 Rb8 28.Ra1 Rc8 29.Rc1 Rb8
30.Ra1  1/2-1/2

[Event "EYg18"]
[Site "Budva YUG"]
[Date "2003.09.21"]
[Round "8"]
[White "Bashkite,V"]
[Black "Vasic,M"]
[Result "0-1"]
[WhiteElo "2117"]
[BlackElo "2179"]

1.c4 c6 2.e4 d5 3.exd5 cxd5 4.cxd5 Nf6 5.Qa4+ Nbd7 6.Nc3 g6 7.g4 h6 8.Bg2 Bg7
9.h3 O-O 10.d4 Nb6 11.Qb3 e6 12.Nf3 Nbxd5 13.Ne5 b6 14.O-O Bb7 15.g5 hxg5
16.Bxg5 Nxc3 17.Bxb7 Ne2+ 18.Kh1 Rb8 19.Bg2 Nxd4 20.Qa4 Qd6 21.Bxf6 Bxf6
22.Nd7 Qf4 23.Rad1 Rbd8 24.Nxf6+ Qxf6 25.Qxa7 Qf4 26.Qb7 Kg7 27.Qe4 g5 28.Rd3 Qxe4
29.Bxe4 f5 30.Bb7 e5 31.Rc1 Rf7 32.Ba6 Rh8 33.Re1 Kf6 34.Bc4 Rfh7 35.Rxd4 Rxh3+
36.Kg2 Rh2+ 37.Kf3 g4+ 38.Rxg4 fxg4+ 39.Ke3 R8h3+ 40.Ke2 g3 41.Rf1 e4 42.b3 Ke5
43.a4 Kf4  0-1

[Event "TCh-FIN 2003-4"]
[Site "Finland FIN"]
[Date "2003.09.21"]
[Round "2"]
[White "Hentunen,A"]
[Black "Lehtinen,A"]
[Result "1-0"]
[WhiteElo "2330"]
[BlackElo "2156"]

1.c4 c6 2.Nf3 d5 3.b3 Nf6 4.Qc2 Bg4 5.d3 Nbd7 6.Bb2 Qc7 7.cxd5 Nxd5 8.e4 Nb4
9.Qc3 e5 10.a3 Bxf3 11.gxf3 Na6 12.Bh3 Nac5 13.Nd2 O-O-O 14.Nc4 f6 15.Bc1 Kb8
16.b4 Na4 17.Qb3 b5 18.Na5 Ndc5 19.Qc2 Rxd3 20.Bd2 Rxf3 21.Bf1 Ka8 22.Be2 Rh3
23.bxc5 Bxc5 24.Nb3 Bb6 25.Rc1 Rd8 26.Bb4 Kb7 27.O-O f5 28.Kg2 Rh6 29.exf5 e4
30.h3 Qe5 31.Bg4 Rd3 32.Na5+ Bxa5 33.Bxa5 Rxa3 34.Rfe1 Nb6 35.Rxe4 Qd5 36.Rd1 Qf7
37.Qc5 Rxa5 38.Re7+ Qxe7 39.Qxe7+ Ka6 40.Qxg7  1-0

[Event "zt 2.5"]
[Site "Asuncion PAR"]
[Date "2003.09.22"]
[Round "8"]
[White "Vasquez,R"]
[Black "Labollita,M"]
[Result "1-0"]
[WhiteElo "2514"]
[BlackElo "2454"]

1.c4 c6 2.e4 d5 3.exd5 Nf6 4.Nc3 cxd5 5.d4 e6 6.Nf3 Be7 7.cxd5 Nxd5 8.Bd3 O-O
9.O-O Nc6 10.Re1 Bf6 11.Be4 Nce7 12.Ne5 Nf5 13.Nxd5 exd5 14.Bxf5 Bxf5 15.Qb3 Qa5
16.Bf4 Be6 17.h3 Rfc8 18.Rec1 Rxc1+ 19.Rxc1 Rc8 20.Rxc8+ Bxc8 21.Kh2 h6 22.a3 Qb6
23.Qxd5 Be6 24.Qe4 Qb3 25.Qe2 b5 26.Qd2 Qd5 27.Qe3 g5 28.Bg3 Bg7 29.h4 f6
30.Nd3 f5 31.Be5 f4 32.Qe2 Bxe5 33.Nxe5 Qxd4 34.hxg5 hxg5 35.Qxb5 Kf8 36.Ng6+ Kf7
37.Qxg5 Qxb2 38.Ne5+ Ke8 39.Qg6+ Ke7 40.Qg7+ Ke8 41.Qh8+  1-0

[Event "ch-IRI"]
[Site "Mashad IRI"]
[Date "2003.09.24"]
[Round "1"]
[White "Moradiabadi,E"]
[Black "Mooses,G"]
[Result "1-0"]
[WhiteElo "2354"]
[BlackElo "2207"]

1.c4 c6 2.e4 d5 3.exd5 cxd5 4.d4 Nf6 5.Nc3 e6 6.Nf3 Bb4 7.cxd5 Nxd5 8.Bd2 Nc6
9.Bd3 O-O 10.O-O Be7 11.a3 Bf6 12.Be3 Nce7 13.Be4 b6 14.Qd3 g6 15.Bh6 Re8
16.Bg5 Bxg5 17.Nxg5 f6 18.Nf3 Bb7 19.Qd2 Qd7 20.Rfe1 Rac8 21.h4 Nxc3 22.Bxb7 Qxb7
23.bxc3 Nd5 24.Rac1 b5 25.a4 a6 26.axb5 axb5 27.Nh2 Rc6 28.h5 g5 29.Ng4 Rec8
30.Rb1 Qg7 31.Rxb5 Nxc3 32.Rc5 Nd5 33.Rxe6 Rxc5 34.dxc5 Rxc5 35.Re8+ Kf7
36.Rd8 Ke6 37.Qe2+  1-0

[Event "2nd League TCh-SCG"]
[Site "Belgrade SCG"]
[Date "2003.09.27"]
[Round "1"]
[White "Pjevovic,B"]
[Black "Bosnic,M"]
[Result "1/2-1/2"]
[WhiteElo "2232"]
[BlackElo "2171"]

1.c4 c6 2.Nf3 d5 3.b3 Bf5 4.g3 e6 5.Bg2 Nf6 6.Bb2 Be7 7.O-O O-O 8.d3 Nbd7
9.Nbd2 Qa5 10.Re1 Ba3 11.Qc1 Bxb2 12.Qxb2 Rfd8 13.e4 dxe4 14.dxe4 Bg6 15.b4 Qc7
16.Rad1 c5 17.b5 Nb6 18.e5 Ne4 19.Nxe4 Rxd1 20.Rxd1 Bxe4 21.Qe2 Bg6 22.Nh4 Rd8
23.Bxb7 Rxd1+ 24.Qxd1 Nxc4 25.f4 Nb6 26.Bc6 c4 27.Qd4 Bd3 28.Nf3 h6 29.Kf2 Nd5
30.Bxd5 exd5 31.Qc3 Qb6+ 32.Nd4 Qg6 33.Qe1 Qb6 34.Ke3 Qc5 35.Qc3 Qc8 36.a4 Qh3
37.Qd2 Qf1 38.Nf3 Be4 39.Ne1 Qg1+ 40.Ke2 Qxh2+ 41.Kd1 Qxg3 42.Qb2 Qg4+ 43.Kd2 Qxf4+
44.Kd1 Qg4+ 45.Kd2 Qg5+ 46.Ke2 Qg1 47.Qc3 Qh2+ 48.Kd1 Qa2 49.Qa5 Qa1+ 50.Ke2 Qd4
51.Qb4 Bf5 52.a5 Bg4+ 53.Kf1 Qf4+ 54.Kg2 Qe4+ 55.Kg3 Bc8 56.Nf3 Bb7  1/2-1/2

[Event "ECC"]
[Site "Rethymnon GRE"]
[Date "2003.09.28"]
[Round "1"]
[White "Malakhov,V"]
[Black "Jelling,E"]
[Result "1-0"]
[WhiteElo "2696"]
[BlackElo "2400"]

1.c4 c6 2.d4 d5 3.Nc3 Nf6 4.e3 a6 5.Qc2 g6 6.Bd3 Bg7 7.Nf3 O-O 8.O-O e6 9.e4 dxe4
10.Nxe4 Nxe4 11.Bxe4 Nd7 12.Bf4 Nf6 13.Be5 Nxe4 14.Bxg7 Kxg7 15.Qxe4 f6 16.Qe3 Bd7
17.Nd2 Qc7 18.c5 Rad8 19.Nc4 Bc8 20.Rad1 Rd5 21.Rd2 Rdd8 22.f4 Qe7 23.g4 Qc7
24.g5 Rd5 25.h4 Qe7 26.Qe4 Qc7 27.Ne3 Rdd8 28.Ng4 f5 29.Qe5+ Qxe5 30.Nxe5 Rh8
31.Rff2 h6 32.Rg2 hxg5 33.Rxg5 Rxh4 34.Rxg6+ Kh7 35.Rg5 Rg8 36.Rxg8 Kxg8
37.Rg2+ Kh7 38.Rh2  1-0

[Event "ECC"]
[Site "Rethymnon GRE"]
[Date "2003.09.29"]
[Round "2"]
[White "Loebler,H"]
[Black "Kouvatsos,F"]
[Result "0-1"]
[WhiteElo "2216"]
[BlackElo "2067"]

1.c4 c6 2.e4 d5 3.exd5 cxd5 4.d4 Nf6 5.Nc3 g6 6.cxd5 Nxd5 7.Bc4 Nb6 8.Bb3 Bg7
9.Nf3 O-O 10.d5 Bg4 11.h3 Bxf3 12.Qxf3 N8d7 13.O-O Nc5 14.Rd1 Nxb3 15.axb3 Qd7
16.Bg5 Rfe8 17.Rd2 Nc8 18.Be3 b6 19.Ra4 Nd6 20.g4 Rac8 21.Bf4 a5 22.Ra1 Red8
23.Re1 Qb7 24.Bg5 Rd7 25.Re3 b5 26.Rde2 b4 27.Na4 Rcc7 28.Kg2 Nb5 29.d6 Qxf3+
30.Kxf3 Nd4+ 31.Kg2 Rxd6 32.Rxe7 Rxe7 33.Rxe7 h6 34.Bf4 Rc6 35.Re8+ Kh7 36.Re3 Rc2
37.h4 Ne6 38.Bg3 Bxb2 39.Rf3 Kg8 40.Nb6 Rc3 41.Rxc3 bxc3 42.Be5 Ba1 43.Bd6 c2
44.Ba3 Nf4+ 45.Kf3 Nd3 46.Nc4 Bb2  0-1

[Event "ECC"]
[Site "Rethymnon GRE"]
[Date "2003.09.30"]
[Round "3"]
[White "Cobb,C"]
[Black "Fahrner,K"]
[Result "1/2-1/2"]
[WhiteElo "2393"]
[BlackElo "2369"]

1.c4 c6 2.Nc3 d5 3.e3 Nf6 4.d4 a6 5.Nf3 b5 6.b3 Bg4 7.Be2 e6 8.h3 Bxf3 9.Bxf3 Nbd7
10.O-O Rc8 11.Qe2 Be7 12.e4 dxe4 13.Nxe4 O-O 14.Be3 Re8 15.Rfd1 Qa5 16.Rac1 Nxe4
17.Bxe4 Nf6 18.Bf3 c5 19.dxc5 Bxc5 20.Bxc5 Rxc5 21.cxb5 Rxc1 22.Rxc1 axb5
23.Rc5 Rb8 24.a4 h5 25.Rxb5 Rxb5 26.Qxb5 Qe1+ 27.Qf1 Qc3 28.Qb1 g5 29.Qd1 h4
30.Qb1 Nd5 31.Qd1 Nf6 32.Kh1 Kg7 33.Qb1 Nd5 34.Kh2 Qe5+ 35.Kg1 Qc3 36.Be4 Nf4
37.Qd1 f5 38.Bf3 Kh6 39.Kh2 Nd3 40.Kg1 e5 41.Be2 e4 42.a5 Qd4 43.Bxd3 exd3
44.a6 d2 45.a7 Qxa7 46.Qxd2 Qa1+ 47.Kh2 Qe5+ 48.g3 hxg3+ 49.fxg3 f4 50.gxf4 gxf4
51.Kg2 Qg5+ 52.Kf3 Qg3+ 53.Ke4 Qxb3 54.Qxf4+ Kh7 55.Qh4+ Kg6 56.Qg4+ Kh7
57.Qd7+ Kh8 58.Kf4 Qb4+ 59.Kg5 Qc5+  1/2-1/2

[Event "7th Itau Cup"]
[Site "Sao Paulo BRA"]
[Date "2003.09.30"]
[Round "4"]
[White "Shitsuka,C"]
[Black "Aranha Filho,A"]
[Result "0-1"]
[WhiteElo "2032"]
[BlackElo "2288"]

1.c4 c6 2.Nf3 d5 3.g3 Nf6 4.Bg2 Bg4 5.O-O Nbd7 6.cxd5 cxd5 7.d3 e6 8.b3 Bc5
9.Bb2 O-O 10.Nbd2 Qe7 11.h3 Bxf3 12.Nxf3 Ba3 13.Qd2 Rac8 14.Rac1 e5 15.Rxc8 Rxc8
16.Rc1 Rxc1+ 17.Qxc1 Bxb2 18.Qxb2 Qd6 19.Qc2 Qc6 20.Qxc6 bxc6 21.d4 e4 22.Ne1 Kf8
23.Nc2 Ke7 24.e3 Kd6 25.b4 Ne8 26.Bf1 Nc7 27.Be2 f5 28.Kf1 Nf8 29.Na1 Nfe6
30.Nb3 g5 31.Nc5 Ng7 32.a4 Nce6 33.Nxe6 Kxe6 34.a5 h5 35.Kg2 Kf6 36.Kg1 f4
37.Kf1 Nf5 38.g4 hxg4 39.Bxg4 fxe3 40.Bxf5 e2+ 41.Kxe2 Kxf5 42.Ke3 g4 43.hxg4+ Kxg4
44.a6 Kg5 45.Kd2 Kf5 46.Ke3 Kg4 47.Kd2 Kf3 48.Kc3 Kxf2 49.b5 cxb5 50.Kb4 e3
51.Kxb5 e2 52.Kc5 e1=Q  0-1

[Event "ECC"]
[Site "Rethymnon GRE"]
[Date "2003.10.01"]
[Round "4"]
[White "Petschar,H"]
[Black "Halldorsson,Br"]
[Result "1/2-1/2"]
[WhiteElo "2004"]
[BlackElo "2238"]

1.c4 c6 2.e4 d5 3.exd5 cxd5 4.cxd5 Nf6 5.Nc3 g6 6.Be2 Bg7 7.Bf3 O-O 8.Nge2 Nbd7
9.d4 Nb6 10.Qb3 Bg4 11.Bxg4 Nxg4 12.O-O Qd7 13.h3 Nf6 14.Nf4 Rfd8 15.Re1 Rac8
16.a4 Bf8 17.Nd3 Nfxd5 18.Nc5 Qc7 19.a5 Nxc3 20.Ne6 fxe6 21.Qxe6+ Kh8 22.axb6 Qxb6
23.Qxb6 axb6 24.bxc3 Rxc3 25.Bg5 Rc7 26.Rab1 Rxd4 27.Rxb6 Rcd7 28.Kh2 h6
29.Be3 R4d6 30.Rb5 Rd5 31.Rb6 R5d6 32.Rb5 Rd5  1/2-1/2

[Event "ECC"]
[Site "Rethymnon GRE"]
[Date "2003.10.01"]
[Round "4"]
[White "Ekeberg,C"]
[Black "Hautot,S"]
[Result "0-1"]
[WhiteElo "2226"]
[BlackElo "2317"]

1.c4 c6 2.Nf3 d5 3.d4 Nf6 4.Nc3 dxc4 5.a4 Bf5 6.Nh4 Bg4 7.h3 Bh5 8.g4 Bg6
9.Nxg6 hxg6 10.e3 e6 11.Bg2 Na6 12.O-O Nb4 13.Qe2 Bd6 14.f4 Nd3 15.Bd2 Bb4
16.Na2 Bxd2 17.Qxd2 Nd5 18.Nc1 Nxc1 19.Rfxc1 g5 20.f5 exf5 21.gxf5 g4 22.e4 gxh3
23.Bf1 Nf6 24.Bxc4 Qe7 25.Bd3 Qd6 26.Kh1 Qxd4 27.Qe2 Nh5 28.Qf3 O-O-O 29.Bf1 Qxe4  0-1

[Event "2nd League TCh-SCG"]
[Site "Belgrade SCG"]
[Date "2003.10.02"]
[Round "6"]
[White "Jovic,A"]
[Black "Zivkovic,S"]
[Result "1-0"]
[WhiteElo "2386"]
[BlackElo "2336"]

1.c4 c6 2.g3 d5 3.Bg2 Nf6 4.Qc2 Bg4 5.h3 Bh5 6.cxd5 cxd5 7.Qb3 Qd7 8.g4 Bg6
9.g5 Ne4 10.d3 Qc7 11.Be3 d4 12.Bxd4 Qc1+ 13.Qd1 Qxg5 14.Kf1 Nd6 15.Nc3 Qa5
16.Rc1 Nc6 17.Bxc6+ bxc6 18.Qa4 Qxa4 19.Nxa4 Nb5 20.Nf3 Bh5 21.Be3 Bxf3 22.exf3 Rc8
23.Ke2 e5 24.Rhg1 f5 25.f4 exf4 26.Bxf4 Nd4+ 27.Ke3 Ne6 28.Be5 Kd7 29.d4 Rg8
30.Rgd1 g6 31.Rc3 Bh6+ 32.Kf3 Bg7 33.Nc5+ Nxc5 34.dxc5+ Ke7 35.Bd6+ Kf7 36.Rb3 Rgd8
37.Rb7+ Kg8 38.Re1 Re8 39.Rxe8+ Rxe8 40.b3 a5 41.Rc7 Be5 42.Rxc6 Bxd6 43.cxd6 Kf7
44.Ra6 Rd8 45.Kf4 Ke6 46.Kg5 Rd7 47.h4 Rb7 48.f4 Rd7 49.Kh6 Kd5 50.Rxa5+ Kxd6
51.a4 Kc6 52.Rb5 Rd4 53.Kg5 Rd3 54.Rb4 Kc5 55.Rb8 Rg3+ 56.Kh6 Rg4 57.a5  1-0

[Event "ECC"]
[Site "Rethymnon GRE"]
[Date "2003.10.02"]
[Round "5"]
[White "Cekro,E"]
[Black "Sax,G"]
[Result "1/2-1/2"]
[WhiteElo "2441"]
[BlackElo "2521"]

1.c4 c6 2.b3 d5 3.Bb2 Bg4 4.g3 e6 5.Bg2 Nf6 6.Nf3 Nbd7 7.O-O Bc5 8.d3 O-O
9.a3 a5 10.Qc2 Re8 11.Nbd2 Rc8 12.e4 e5 13.Rad1 Bd6 14.b4 dxe4  1/2-1/2

[Event "ECC"]
[Site "Rethymnon GRE"]
[Date "2003.10.02"]
[Round "5"]
[White "Petschar,H"]
[Black "Plumanns,D"]
[Result "0-1"]
[WhiteElo "2004"]
[BlackElo "2220"]

1.c4 c6 2.d4 d5 3.g3 e6 4.Qc2 f5 5.Bg2 Nf6 6.Nh3 Bd6 7.O-O O-O 8.Bf4 b6 9.Nd2 Ne4
10.Rac1 Bxf4 11.Nxf4 g5 12.Nd3 Bb7 13.cxd5 exd5 14.Nf3 Nd7 15.Nfe5 Nxe5 16.Nxe5 Rf6
17.f3 Nd6 18.Nxc6 Bxc6 19.Qxc6 Nc4 20.Qb7 Rf7 21.Qa6 Qf6 22.Rfd1 Nxb2 23.Rd2 Nc4
24.Rxc4 dxc4 25.Qxc4 f4 26.Bh3 Kg7 27.d5 Rd8 28.Qd4 Rd6 29.gxf4 gxf4 30.Kf2 Re7
31.Qxf6+ Kxf6 32.Ke1 Ke5 33.Be6 Rc7 34.Rb2 a5 35.Kf2 Rc3 36.Rb1 Rc2 37.Rg1 Rxa2
38.Rg5+ Kd4 39.Rf5 a4 40.Rxf4+ Kc5 41.Rf8 Rb2 42.Ke3 a3 43.Ra8 a2 44.f4 Rd8
45.Ra7 b5 46.f5 Kb6 47.Ra3 b4 48.Ra4 Kb5 49.Ra3 Rb3+  0-1

[Event "ECC"]
[Site "Rethymnon GRE"]
[Date "2003.10.03"]
[Round "6"]
[White "Ostenstad,B"]
[Black "Scekic,M"]
[Result "1-0"]
[WhiteElo "2469"]
[BlackElo "2434"]

1.c4 c6 2.e4 d5 3.cxd5 cxd5 4.exd5 Nf6 5.Nc3 Nxd5 6.Nf3 e6 7.d4 Be7 8.Bd3 Nc6
9.O-O O-O 10.Re1 Nf6 11.a3 b6 12.Bg5 Bb7 13.Bc2 Nd5 14.Qd3 g6 15.Bh6 Re8
16.Ba4 Nxc3 17.bxc3 Qd6 18.h4 Rec8 19.h5 Bf6 20.hxg6 hxg6 21.Ng5 Ne7 22.Bb3 Nf5
23.Rxe6 fxe6 24.Bxe6+ Qxe6 25.Nxe6 Rc6 26.g4 Rxe6 27.gxf5 Be4 28.Qc4 Bxf5
29.Re1 Re8 30.Bf4 Kh7 31.Be5 g5 32.Re3 Bd8 33.Qd5 Kg6 34.Rf3 g4 35.Rxf5 Kxf5
36.Bc7+  1-0

[Event "FSGM October"]
[Site "Budapest HUN"]
[Date "2003.10.06"]
[Round "3"]
[White "Nguyen Ngoc Truongson"]
[Black "Taylor,T"]
[Result "1-0"]
[WhiteElo "2417"]
[BlackElo "2385"]

1.c4 c6 2.g3 d5 3.Bg2 Nf6 4.Nf3 dxc4 5.Qc2 b5 6.b3 cxb3 7.axb3 e6 8.O-O Bb7
9.d4 Be7 10.Nc3 O-O 11.e4 Na6 12.e5 Nd5 13.Ne4 h6 14.g4 c5 15.g5 cxd4 16.gxh6 g6
17.Nxd4 Qb6 18.Qd2 Rad8 19.Bb2 Nc5 20.Nd6 a6 21.Rac1 Bxd6 22.exd6 Qxd6 23.Nf3 Nf4
24.Qxd6 Rxd6 25.Rxc5 Nxg2 26.Ng5 f6 27.Rc7 Bd5 28.h7+ Kh8 29.Bxf6+ Rxf6 30.Rc8+  1-0

[Event "zt 2.3"]
[Site "Guayaquil ECU"]
[Date "2003.10.06"]
[Round "1"]
[White "Matamoros Franco,C"]
[Black "Juarez Flores,C"]
[Result "1-0"]
[WhiteElo "2484"]
[BlackElo "2392"]

1.c4 c6 2.e4 d5 3.exd5 Nf6 4.Nc3 cxd5 5.cxd5 Nxd5 6.Nf3 Nxc3 7.bxc3 g6 8.d4 Bg7
9.Bd3 Nc6 10.O-O O-O 11.Re1 Qa5 12.Bd2 Bg4 13.Be4 e6 14.h3 Bf5 15.c4 Qa6
16.Bxf5 exf5 17.d5 Na5 18.Bxa5 Qxa5 19.Rc1 Qxa2 20.d6 b6 21.Qd5 Rad8 22.d7 Qa3
23.Rcd1 a5 24.Ne5 Bxe5 25.Rxe5 Qb2 26.Rde1 Kg7 27.Qd6 Qb4 28.Qd4 f6 29.Re8 Rf7
30.Rxd8 Qxe1+ 31.Kh2  1-0

[Event "zt 2.3"]
[Site "Guayaquil ECU"]
[Date "2003.10.10"]
[Round "7"]
[White "Mendoza,Raf"]
[Black "Ramirez,Al"]
[Result "1-0"]
[WhiteElo "2382"]
[BlackElo "2483"]

1.c4 c6 2.e4 d5 3.exd5 cxd5 4.cxd5 Nf6 5.Bb5+ Nbd7 6.Nc3 a6 7.Ba4 b5 8.Bc2 Nb6
9.Nf3 Nbxd5 10.O-O g6 11.d4 Bg7 12.Re1 O-O 13.a4 b4 14.Ne4 Nxe4 15.Bxe4 Bb7
16.Bg5 Re8 17.Qb3 a5 18.Rac1 Qd6 19.Bh4 e6 20.Bg3 Qb6 21.h4 Ne7 22.h5 Rac8
23.Bxb7 Qxb7 24.Rxc8 Rxc8 25.hxg6 hxg6 26.Rxe6 fxe6 27.Qxe6+ Kf8 28.Bd6 Ke8
29.Ng5 Rc6 30.Kh2 Qd7 31.Qf7+ Kd8 32.Bf4 Rc1 33.Qxg7 Qg4 34.Qf8+ Kd7 35.Qb8 Qh5+
36.Nh3 Qd5 37.Be5 Nc6 38.Qc7+ Ke8 39.Qc8+ Ke7 40.Nf4  1-0

[Event "Open"]
[Site "Winterthur SUI"]
[Date "2003.10.10"]
[Round "8"]
[White "Haas,C"]
[Black "Peier,H"]
[Result "1-0"]
[WhiteElo "2211"]
[BlackElo "2098"]

1.c4 c6 2.d4 d5 3.cxd5 cxd5 4.Nc3 e6 5.Nf3 Nf6 6.g3 Be7 7.Bg2 b6 8.O-O Bb7
9.Ne5 O-O 10.Bg5 Nc6 11.Nxc6 Bxc6 12.Qd3 Qd7 13.Rfc1 Rfc8 14.a4 a6 15.Qc2 h6
16.Bd2 Bd6 17.Qb1 b5 18.b3 b4 19.Nd1 a5 20.Nb2 Bb7 21.Rxc8+ Qxc8 22.Qd1 Ba6
23.Rc1 Qd7 24.Nc4 Bc7 25.Ne5 Bxe5 26.dxe5 Ne4 27.Bxb4 axb4 28.Bxe4 Rc8 29.Rxc8+ Bxc8
30.Bd3 Qc7 31.Qc2 Qb8 32.Qc6  1-0

[Event "FSIM October"]
[Site "Budapest HUN"]
[Date "2003.10.11"]
[Round "8"]
[White "Pap,G"]
[Black "Kaposztas,M"]
[Result "1/2-1/2"]
[WhiteElo "2233"]
[BlackElo "2309"]

1.c4 c6 2.d4 d5 3.Nc3 Nf6 4.Nf3 g6 5.e3 Bg7 6.Bd3 O-O 7.O-O c5 8.dxc5 dxc4
9.Bxc4 Qa5 10.e4 Qxc5 11.Qb3 Nc6 12.Be3 Qb4 13.Qxb4 Nxb4 14.Bc5 Nc6 15.Bb5 Nd7
16.Ba3 Bxc3 17.bxc3 Re8 18.Nd4 Ncb8 19.c4 a6 20.Ba4 b5 21.Bb3 bxc4 22.Bxc4 Nb6
23.Bb3 Bb7 24.e5 Nc6 25.Nxc6 Bxc6 26.e6 Bd5 27.exf7+ Kxf7 28.Bc5 Bxb3 29.axb3  1/2-1/2

[Event "1st Samba Cup"]
[Site "Skanderborg DEN"]
[Date "2003.10.12"]
[Round "3"]
[White "Hansen,Cu"]
[Black "Nielsen,PH"]
[Result "1/2-1/2"]
[WhiteElo "2616"]
[BlackElo "2626"]

1.c4 c6 2.Nf3 d5 3.e3 Nf6 4.Nc3 e6 5.b3 Bd6 6.Bb2 O-O 7.d4 Nbd7 8.Be2 b6
9.O-O Bb7 10.Qc2 Qe7 11.Rad1 Rad8 12.Rfe1 Rfe8 13.h3 c5 14.cxd5 exd5 15.Bb5 a6
16.Bxd7 Nxd7 17.dxc5 Nxc5 18.Na4 Qe4 19.Re2 Qxc2 20.Rxc2 Nxa4 21.bxa4 Rc8
22.Rxc8 Rxc8 23.Bd4 b5  1/2-1/2

[Event "1st Israel Int Op"]
[Site "Ashdod ISR"]
[Date "2003.10.13"]
[Round "2"]
[White "Golod,V"]
[Black "Kaganskiy,G"]
[Result "1/2-1/2"]
[WhiteElo "2544"]
[BlackElo "2386"]

1.c4 c6 2.e4 d5 3.cxd5 cxd5 4.exd5 Nf6 5.Nc3 Nxd5 6.Nf3 Nxc3 7.bxc3 g6 8.h4 Qc7
9.h5 Bg7 10.d4 Qxc3+ 11.Bd2 Qa3 12.Bc4 Nc6 13.Rb1 Qd6 14.Qb3 e6 15.hxg6 hxg6
16.Rxh8+ Bxh8 17.d5 Nd4 18.Nxd4 Bxd4 19.dxe6 Bxe6 20.Bxe6 Qxe6+ 21.Qxe6+ fxe6
22.Rxb7 O-O-O 23.Re7 Bxf2+ 24.Ke2 Bc5 25.Rg7 Rd6 26.Rxg6 Ra6 27.Rg4 Kd7 28.a4 Kd6
29.Kd3 Kd5 30.Bc3 e5 31.Re4 Bd6 32.a5  1/2-1/2

[Event "1st Israel Int Op"]
[Site "Ashdod ISR"]
[Date "2003.10.15"]
[Round "7"]
[White "Lerner,K"]
[Black "Kudischewitsch,D"]
[Result "1/2-1/2"]
[WhiteElo "2524"]
[BlackElo "2413"]

1.c4 c6 2.Nf3 Nf6 3.Nc3 d5 4.d4 dxc4 5.a4 Bf5 6.e3 Bd3 7.Bxd3 cxd3 8.O-O e6
9.Qxd3 a5 10.e4 h6 11.Bf4 Na6 12.Rad1 Be7 13.Ne5 O-O 14.Nc4 Nb4 15.Qe2 Re8
16.Rd2 Nh7 17.Be3 Ra6 18.Qg4 Bg5 19.f4 Be7 20.f5 Bg5 21.Bxg5 Qxg5 22.Qxg5 Nxg5
23.h4 Nh7 24.Nd6 Re7 25.fxe6 fxe6 26.Rdf2 c5 27.dxc5 Nd3 28.Rd2 Nxc5 29.Nc4 Ra8
30.Nb6 Rae8 31.e5 Nf8 32.Nb5 Nfd7 33.Nxd7 Rxd7 34.Rxd7 Nxd7 35.Nd6 Rb8  1/2-1/2

[Event "HSK IM"]
[Site "Hamburg GER"]
[Date "2003.10.16"]
[Round "6"]
[White "Sarakauskas,G"]
[Black "Lindinger,M"]
[Result "1/2-1/2"]
[WhiteElo "2428"]
[BlackElo "2358"]

1.c4 c6 2.d4 d5 3.Nf3 Nf6 4.cxd5 cxd5 5.Nc3 Nc6 6.Bf4 Ne4 7.e3 Nxc3 8.bxc3 g6
9.Ne5 Bg7 10.Qa4 Bxe5 11.Bxe5 O-O 12.Bg3 Be6 13.Bd3  1/2-1/2

[Event "9th Medunarodni"]
[Site "Tuzla BIH"]
[Date "2003.10.19"]
[Round "2"]
[White "Dumpor,A"]
[Black "Pataki,G"]
[Result "1/2-1/2"]
[WhiteElo "2364"]
[BlackElo "2367"]

1.c4 c6 2.Nf3 d5 3.e3 Nf6 4.Nc3 g6 5.d4 Bg7 6.cxd5 cxd5 7.Bb5+ Bd7 8.Qb3 Bxb5
9.Qxb5+ Qd7 10.Ne5 Qxb5 11.Nxb5 Na6 12.Bd2 Ne4 13.Nd3 Kd7 14.Ke2 Rhc8 15.Rhc1 Nd6
16.Nxd6 Kxd6 17.b4 Nc7 18.a4 Ne6 19.b5 b6 20.Nb4 Nd8 21.f4 e6 22.Kd3 Kd7
23.Rxc8 Kxc8 24.a5 bxa5 25.Rxa5 Bf8 26.Ra6 Rb8 27.Rxa7 Rxb5 28.Na6 Bd6 29.g4 Rb7
30.Ra8+ Kd7 31.g5 Rb1 32.Ra7+ Rb7 33.Ra8 Rb1 34.h4 Rb5 35.Kc2 Rb7 36.Ba5 Nc6
37.Bd2 Nd8  1/2-1/2

[Event "300 Years"]
[Site "St Petersburg RUS"]
[Date "2003.10.20"]
[Round "3"]
[White "Sorokin,M"]
[Black "Alavkin,A"]
[Result "1/2-1/2"]
[WhiteElo "2560"]
[BlackElo "2485"]

1.c4 c6 2.Nf3 d5 3.e3 Nf6 4.d4 a6 5.Bd3 Bg4 6.Qb3 Bxf3 7.Qxb7 Bxg2 8.Rg1 dxc4
9.Qxa8 cxd3 10.Rxg2 Qc7 11.Nd2 e5 12.dxe5 Nd5 13.Nc4 Bb4+ 14.Bd2 O-O 15.Nd6 Nb6
16.Bxb4 Nxa8 17.Nf5 g6 18.Nh6+ Kg7 19.Nf5+ Kg8 20.Nh6+ Kg7  1/2-1/2

[Event "After Holidays IM"]
[Site "Tel Aviv ISR"]
[Date "2003.10.20"]
[Round "2"]
[White "Marusenko,P"]
[Black "Deutsch,E"]
[Result "1-0"]
[WhiteElo "2345"]
[BlackElo "2316"]

1.c4 c6 2.e4 d5 3.exd5 cxd5 4.cxd5 Nf6 5.Nc3 Nxd5 6.Bc4 Nb6 7.Bb3 Nc6 8.Nf3 Nd4
9.Nxd4 Qxd4 10.O-O Bg4 11.Qe1 e6 12.Qe3 Qxe3 13.dxe3 Bb4 14.f3 Bh5 15.e4 Bc5+
16.Kh1 e5 17.Nd5 O-O 18.Be3 Bxe3 19.Nxe3 Rfd8 20.Rac1 Rac8 21.h4 h6 22.Rfd1 Kf8
23.g4 Bg6 24.h5 Bh7 25.Rxd8+ Rxd8 26.Bd5 Nxd5 27.Nxd5 f5 28.gxf5 Bxf5 29.Rc7 Rd7
30.exf5 Rxd5 31.Rxb7 Rd2 32.a4 a5 33.Kg1 Rd4 34.b3 Rf4 35.Kg2 Rxf5 36.Rb5 Rg5+
37.Kf2 Rxh5 38.Rxa5 Rg5 39.Rc5 Rh5 40.a5 Rh2+ 41.Kg3 Rb2 42.a6 Ra2 43.Rc6 Ra3
44.Kg4 Kf7 45.b4 Ra4 46.Kf5 g6+ 47.Kxe5 g5 48.b5 Ra5 49.Rb6 h5 50.Kf5 g4
51.Rb7+ Kg8 52.fxg4 hxg4 53.Kg6 Kf8 54.a7  1-0

[Event "300 Years"]
[Site "St Petersburg RUS"]
[Date "2003.10.23"]
[Round "6"]
[White "Ibraev,N"]
[Black "Alaguzov,M"]
[Result "1/2-1/2"]
[WhiteElo "2442"]
[BlackElo "2120"]

1.c4 c6 2.e4 d5 3.exd5 cxd5 4.d4 Nf6 5.Nc3 e6 6.Nf3 Be7 7.Bd3 O-O 8.O-O dxc4
9.Bxc4 Nc6 10.a3 b6 11.Re1 Bb7 12.Ba2 Rc8 13.Bg5 Nd5 14.Bxd5 Bxg5 15.Be4 Bf6
16.Qd3 g6 17.Rad1 Na5 18.b4 Bxe4 19.Nxe4 Nc4 20.Rc1 b5 21.a4 a6 22.Nc5 Nb2
23.Qe2 Nxa4 24.Nxa6 Nc3 25.Qd3 Qd6 26.Nc5 Nd5 27.Qxb5 Rb8 28.Qd7 Rfd8 29.Qxd6 Rxd6
30.Ne4 Rdb6 31.Nxf6+ Nxf6 32.Ne5 R8b7 33.Rc8+ Kg7 34.Nc6 Nd5 35.Nd8 Rb8 36.Rxb8 Rxb8
37.Nc6 Rb6 38.Rc1 Nxb4 39.Ne5 Nd5 40.g3 Rb4 41.Nc6 Rb2 42.Ra1 Rc2 43.Ne5 Rc7
44.Ra8 Kf6 45.Kg2 h5 46.h3 Ne7 47.g4 hxg4 48.hxg4 Nc6 49.Nxc6 Rxc6  1/2-1/2

[Event "300 Years"]
[Site "St Petersburg RUS"]
[Date "2003.10.24"]
[Round "7"]
[White "Kostin,K"]
[Black "Yevseev,D"]
[Result "1/2-1/2"]
[WhiteElo "2320"]
[BlackElo "2592"]

1.c4 c6 2.Nf3 d5 3.cxd5 cxd5 4.d4 Nf6 5.Nc3 Nc6 6.Bf4 Ne4 7.e3 Nxc3 8.bxc3 g6
9.Ne5 Qa5 10.Qb3 Bg7 11.Bb5 Bxe5 12.Bxe5 O-O 13.Bxc6 bxc6 14.O-O Ba6 15.Rfb1 f6
16.Bg3 Rfc8 17.Qb4 Qxb4 18.Rxb4 c5 19.Rb2 Kf7 20.h3 g5 21.Rab1 Bd3 22.Rd1 Bc4
23.f3 Rc6 24.e4 dxe4 25.fxe4 Rb6 26.Rdd2 cxd4 27.cxd4 Rc8 28.d5 Rxb2 29.Rxb2 Bd3
30.e5 f5 31.Rd2 Be4 32.Bf2 a6 33.d6 Ke6 34.d7 Rd8 35.Bb6 Rxd7 36.Rxd7 Kxd7
37.g3 Ke6 38.Bc5 a5 39.Kf2 f4 40.gxf4 gxf4 41.h4 Bd5 42.a3 h6 43.Ke2 Bc6  1/2-1/2

[Event "300 Years"]
[Site "St Petersburg RUS"]
[Date "2003.10.24"]
[Round "7"]
[White "Kornev,Alexe"]
[Black "Alavkin,A"]
[Result "1-0"]
[WhiteElo "2561"]
[BlackElo "2485"]

1.c4 c6 2.e4 d5 3.exd5 cxd5 4.d4 Nf6 5.Nc3 g6 6.Qb3 Bg7 7.cxd5 O-O 8.Be2 Nbd7
9.Bf3 Nb6 10.Nge2 Bf5 11.O-O Qd7 12.a4 Bd3 13.d6 Bc4 14.Qb4 e6 15.Bg5 Nfd5
16.Bxd5 exd5 17.Be7 Rfe8 18.Rfe1 Nc8 19.Nf4 a5 20.Qa3 Nxe7 21.dxe7 Bh6 22.b3 Bxf4
23.bxc4 dxc4 24.Ne4 Kg7 25.Qf3 Qf5 26.Kf1 h5 27.g3 Bc7 28.Qxf5 gxf5 29.Nc3 Bd6
30.Nb5 Ra6 31.Re3 f4 32.gxf4 Kf6 33.Nc3 Kf5 34.Nd5 Bxf4 35.Re2 Re6 36.Ra3 Rxe2
37.Kxe2 Bd6 38.Re3 Bb4 39.Nxb4 axb4 40.d5 b3 41.Kd2  1-0